Second Cities of Asia - Statistics

General Stats
  • This quiz has been taken 126 times
    117 since last reset
  • The average score is 20 of 47
Answer Stats
Country Largest City (Metro) Second City (Metro) % Correct
China Shanghai Beijing
98%
Japan Tokyo Osaka
98%
India Mumbai Delhi
97%
Israel Jerusalem Tel Aviv
97%
South Korea Seoul Busan
93%
Turkey Istanbul Ankara
92%
Kazakhstan Almaty Astana
92%
Vietnam Ho Chi Minh City Hanoi
92%
United Arab Emirates Dubai Abu Dhabi
91%
Syria Aleppo Damascus
88%
Saudi Arabia Riyadh Jeddah
85%
Pakistan Karachi Lahore
83%
Bangladesh Dhaka Chittagong
79%
Indonesia Jakarta Surabaya
69%
Myanmar Yangon Mandalay
65%
Iraq Baghdad Basra
64%
Iran Tehran Mashhad
61%
Malaysia Kuala Lumpur George Town
59%
Yemen Sana'a Aden
57%
Afghanistan Kabul Kandahar
57%
Cambodia Phnom Penh Siem Reap
46%
Cyprus Nicosia Limassol
43%
Lebanon Beirut Tripoli
40%
Kyrgyzstan Bishkek Osh
34%
Taiwan Taipei Taichung
32%
Philippines Manila Cebu City
26%
Azerbaijan Baku Ganja
23%
Turkmenistan Ashgabat Türkmenabat
18%
Georgia Tbilisi Kutaisi
17%
Armenia Yerevan Gyumri
16%
North Korea Pyongyang Hamhung
16%
Nepal Kathmandu Pokhara
16%
Oman Muscat Salalah
14%
Jordan Amman Zarqa
13%
Tajikistan Dushanbe Khujand
8%
Brunei Bandar Seri Begawan Kuala Belait
8%
Uzbekistan Tashkent Namangan
8%
Qatar Doha Al Rayyan
4%
Mongolia Ulaanbaatar Darkhan
4%
Kuwait Kuwait City Al Jahra
3%
Bahrain Manama Riffa
3%
Laos Vientiane Pakxe
2%
Maldives Malé Addu City
1%
East Timor Dili Dare
1%
Sri Lanka Kandy Dehiwala-Mount Lavinia
0%
Thailand Bangkok Pak Kret
0%
Bhutan Thimphu Phuntsholing
0%
No matching quizzes found
Score Distribution
Percent of People with Each Score
Percentile by Number Answered
Your Score History
You have not taken this quiz since the last reset